[Event "European Blitz 2015"]
[Site "Minsk BLR"]
[Date "2015.12.18"]
[Round "8.38"]
[White "Grishchenko, Sergey1"]
[Black "Kanter, Eduard"]
[Result "1-0"]
[WhiteTitle "IM"]
[BlackTitle "IM"]
[WhiteElo "2442"]
[BlackElo "2353"]
[WhiteFideId "4136730"]
[BlackFideId "4103963"]
[EventDate "2015.12.18"]
[EventType "swiss (blitz)"]

1. d4 Nf6 2. c4 g6 3. Nc3 d5 4. Bf4 Bg7 5. Nf3 O-O 6. Rc1 Be6 7. e3 c5 8. dxc5
Qa5 9. Qa4 Qxa4 10. Nxa4 dxc4 11. Bxc4 Bxc4 12. Rxc4 b5 13. cxb6 axb6 14. Nc3 b5
15. Rb4 Nh5 16. Be5 Nc6 17. Bxg7 Nxb4 18. Bxf8 Kxf8 19. Kd2 Rd8+ 20. Ke2 Ra8 21.
a3 Nc6 22. Nxb5 Rb8 23. a4 Nf6 24. Rc1 Nb4 25. Rc4 Nbd5 26. b3 Nb6 27. Rc6 Nfd7
28. Nd2 Nd5 29. Nc4 f6 30. g3 h5 31. e4 Nb4 32. Rc7 Ke8 33. Na5 Rb6 34. Kd2 Kd8
35. Rc4 Ne5 36. Rxb4 Ke8 1-0

[Event "European Blitz 2015"]
[Site "Minsk BLR"]
[Date "2015.12.18"]
[Round "8.39"]
[White "Martynov, Roman"]
[Black "Shkapenko, Pavel"]
[Result "0-1"]
[BlackTitle "IM"]
[WhiteElo "2284"]
[BlackElo "2407"]
[WhiteFideId "14132044"]
[BlackFideId "4151933"]
[EventDate "2015.12.18"]
[EventType "swiss (blitz)"]

1. d4 Nf6 2. c4 e6 3. g3 Bb4+ 4. Bd2 Qe7 5. Nf3 Nc6 6. Nc3 Bxc3 7. Bxc3 Ne4 8.
Rc1 O-O 9. Bg2 d6 10. O-O Nxc3 11. Rxc3 e5 12. d5 Nb8 13. Nd2 a5 14. f4 Na6 15.
e4 c6 16. f5 Nc5 17. f6 gxf6 18. Qh5 f5 19. Rcf3 f6 20. exf5 cxd5 21. cxd5 b6
22. Rc3 Ba6 23. Rfc1 Rac8 24. Bf1 Bb7 25. Bg2 b5 26. a3 b4 27. axb4 axb4 28.
Qg4+ Kh8 29. Qxb4 Nd3 30. Rxd3 Rxc1+ 31. Kf2 Ba6 32. Ra3 Bb7 33. Ra7 Rc7 34. Nc4
Rd8 35. Be4 Bc8 36. Ra8 Rb7 37. Qa3 Qc7 38. b3 Rb8 39. Ra7 Bb7 40. g4 Ra8 41. h4
Rxa7 42. Qxa7 Qc5+ 43. Qxc5 dxc5 44. Nb6 Kg7 45. Ke3 Ba6 46. g5 Rb8 47. Na4
Rxb3+ 48. Kd2 0-1

[Event "European Blitz 2015"]
[Site "Minsk BLR"]
[Date "2015.12.18"]
[Round "8.40"]
[White "Konenkin, Dmitry"]
[Black "Bodnaruk, Anastasia"]
[Result "1-0"]
[WhiteTitle "FM"]
[BlackTitle "IM"]
[WhiteElo "2243"]
[BlackElo "2456"]
[WhiteFideId "4185781"]
[BlackFideId "4181751"]
[EventDate "2015.12.18"]
[EventType "swiss (blitz)"]

1. d4 f5 2. Bg5 h6 3. Bh4 g5 4. Bg3 Nf6 5. e3 Bg7 6. h4 d6 7. hxg5 hxg5 8. Rxh8+
Bxh8 9. Nh3 g4 10. Nf4 e6 11. Nc3 Bg7 12. Qd3 Qe7 13. O-O-O Kf7 14. e4 c6 15.
Re1 Qd8 16. exf5 exf5 17. f3 Bh6 18. Kb1 d5 19. fxg4 Nxg4 20. Be2 Nf6 21. Nh5
Ne4 22. Be5 Nd7 23. Nxe4 dxe4 24. Qb3+ Kg6 25. Qe6+ Nf6 26. Qxf6+ Qxf6 27. Nxf6
f4 28. Nxe4 Bf5 29. Bd3 Rd8 30. Nf2 b6 31. Bxf5+ Kxf5 32. c3 c5 33. Kc2 Rg8 34.
Rg1 Rg3 35. Kd1 b5 36. Ke1 b4 37. Nh1 Re3+ 38. Kd2 f3 39. g4+ Kg6 40. g5 Bxg5
41. Bf4 Re2+ 42. Kd3 Rg2 43. Rf1 Bxf4 44. Rxf3 Bc1 45. dxc5 Rxb2 46. c6 bxc3 47.
c7 Rd2+ 48. Kxc3 Rxa2 49. c8=Q 1-0

[Event "European Blitz 2015"]
[Site "Minsk BLR"]
[Date "2015.12.18"]
[Round "8.41"]
[White "Belyakov, Bogdan"]
[Black "Lojko, Alexej"]
[Result "1-0"]
[WhiteTitle "IM"]
[WhiteElo "2511"]
[BlackElo "2214"]
[WhiteFideId "24104795"]
[BlackFideId "24146200"]
[EventDate "2015.12.18"]
[EventType "swiss (blitz)"]

1. e4 c5 2. c3 g6 3. d4 cxd4 4. cxd4 d5 5. Nc3 dxe4 6. Nxe4 Bg7 7. Nf3 Bg4 8.
Nc5 Nc6 9. Nxb7 Qb6 10. Nc5 Bxd4 11. Nd3 Rd8 12. Qa4 Bxf3 13. gxf3 Nf6 14. Bh6
Nd5 15. Rc1 Rc8 16. Bh3 e6 17. O-O f5 18. Rfe1 Kf7 19. f4 Rhd8 20. Bg2 Rd7 21.
a3 Rcc7 22. b4 a6 23. Rc2 Nce7 24. Rce2 Rc6 25. Bg5 Rcd6 26. Bxe7 Rxe7 27. Qb3
a5 28. b5 Nc3 29. Re5 Bxe5 30. Nxe5+ Ke8 31. Qxc3 Rc7 32. Qb3 Rc5 33. a4 Ke7 34.
Qg3 Rc2 35. Nc6+ Kf7 36. Qh4 Kg7 37. Ne5 Rdd2 38. Qe7+ Kh6 39. Nf7+ Kg7 40. Ng5+ 1-0

[Event "European Blitz 2015"]
[Site "Minsk BLR"]
[Date "2015.12.18"]
[Round "8.42"]
[White "Antonov, Alexandr2"]
[Black "Loginov, Valery A"]
[Result "0-1"]
[BlackTitle "GM"]
[WhiteElo "2098"]
[BlackElo "2486"]
[WhiteFideId "24124079"]
[BlackFideId "4126297"]
[EventDate "2015.12.18"]
[EventType "swiss (blitz)"]

1. e4 c5 2. Nf3 d6 3. c3 Nf6 4. Bd3 g6 5. O-O Bg7 6. Bc2 O-O 7. d4 Nc6 8. Be3
cxd4 9. Nxd4 Bd7 10. Nxc6 Bxc6 11. f3 b5 12. a3 Nd7 13. Bd4 Ne5 14. Nd2 a5 15.
f4 Nd7 16. Nf3 e5 17. Be3 exf4 18. Bxf4 Ne5 19. Nd4 Bd7 20. Bb3 Nc4 21. Bxc4
bxc4 22. Bxd6 Qb6 23. Bxf8 Rxf8 24. Rb1 Bc6 25. Kh1 Bxe4 26. Nc2 Bd3 27. Re1 Qb3
28. Nd4 Bxd4 29. cxd4 Bxb1 30. Qxb1 Rd8 31. Rd1 c3 32. bxc3 Qxc3 33. Qb6 Re8 34.
h3 Qxa3 35. d5 Qb4 36. Qf2 Qb3 37. Qd2 a4 38. d6 a3 39. d7 Rd8 40. Re1 Qa4 41.
Rd1 a2 42. Qb2 Qxd1+ 0-1

[Event "European Blitz 2015"]
[Site "Minsk BLR"]
[Date "2015.12.18"]
[Round "8.43"]
[White "Popov, Mikhail"]
[Black "Aliyev, Rasim"]
[Result "1/2-1/2"]
[WhiteTitle "FM"]
[WhiteElo "2280"]
[BlackElo "2213"]
[WhiteFideId "4146182"]
[BlackFideId "13401084"]
[EventDate "2015.12.18"]
[EventType "swiss (blitz)"]

1. c4 e6 2. g3 d5 3. Bg2 Nf6 4. Nf3 Be7 5. O-O O-O 6. Qc2 c5 7. d4 Nc6 8. dxc5
d4 9. Nbd2 Bxc5 10. Nb3 Qb6 11. Nxc5 Qxc5 12. a3 a5 13. Bd2 a4 14. Ne1 e5 15.
Nd3 Qe7 16. Nb4 e4 17. Nd5 Nxd5 18. cxd5 d3 19. exd3 Nd4 20. Qc4 Nf3+ 21. Bxf3
exf3 22. Bb4 Qd7 23. Qe4 Re8 24. Qxf3 b5 25. Rac1 Bb7 26. Rc5 Re5 27. Rfc1 Rxd5
28. Rxd5 Bxd5 29. Qf4 Re8 30. Qd6 Qf5 31. Qf4 Qxd3 32. Re1 Rxe1+ 33. Bxe1 h6 34.
h4 Qb1 35. Qe5 Bc4 36. Kh2 Qd3 37. Bc3 f6 38. Qe8+ Kh7 39. Qe3 Qxe3 40. fxe3 Kg6
41. g4 h5 42. Kg3 hxg4 43. Kxg4 Be2+ 44. Kf4 Kf7 1/2-1/2

[Event "European Blitz 2015"]
[Site "Minsk BLR"]
[Date "2015.12.18"]
[Round "8.44"]
[White "Savitski, Andrei"]
[Black "Jobava, Baadur"]
[Result "1/2-1/2"]
[BlackTitle "GM"]
[WhiteElo "2149"]
[BlackElo "2673"]
[WhiteFideId "13506161"]
[BlackFideId "13601520"]
[EventDate "2015.12.18"]
[EventType "swiss (blitz)"]

1. Nf3 Nf6 2. d4 d5 3. g3 c6 4. Bg2 Bg4 5. Ne5 Bf5 6. O-O e6 7. c4 Nbd7 8. Nc3
Bd6 9. Nxd7 Qxd7 10. f3 O-O 11. e4 dxe4 12. fxe4 Bg4 13. Qc2 e5 14. d5 cxd5 15.
cxd5 Rfc8 16. Be3 b5 17. a3 a6 18. Qd3 Bh5 19. Bg5 Ne8 20. h3 Bc5+ 21. Kh2 f6
22. Bd2 Nd6 23. g4 Bg6 24. Ne2 Nc4 25. Bc3 Ne3 26. Rf3 Nxg2 27. Kxg2 a5 28. Ng3
b4 29. axb4 axb4 30. Rxa8 Rxa8 31. Bd2 Ra2 32. Qb3 Ra1 33. Rf1 Rxf1 34. Kxf1
Qb5+ 35. Kg2 Bxe4+ 36. Nxe4 Qe2+ 37. Kg3 Qxe4 38. d6+ Kf8 39. d7 Ke7 40. Qg8
Kxd7 41. Qxg7+ Be7 42. Qh6 Qd3+ 43. Kg2 Qe2+ 44. Kg3 1/2-1/2

[Event "European Blitz 2015"]
[Site "Minsk BLR"]
[Date "2015.12.18"]
[Round "8.45"]
[White "Kocheev, Aleksandr"]
[Black "Bocharov, Dmitry"]
[Result "0-1"]
[BlackTitle "GM"]
[WhiteElo "2355"]
[BlackElo "2558"]
[WhiteFideId "13507842"]
[BlackFideId "4138716"]
[EventDate "2015.12.18"]
[EventType "swiss (blitz)"]

1. e4 d6 2. d4 Nf6 3. Nc3 g6 4. Bg5 h6 5. Bxf6 exf6 6. Nf3 Bg7 7. Bc4 O-O 8. h3
f5 9. e5 Nc6 10. exd6 Qxd6 11. d5 Ne5 12. Nxe5 Bxe5 13. O-O Bd7 14. Qd3 a6 15.
Bb3 Rae8 16. Rad1 Re7 17. Ne2 Bxb2 18. c3 Ba3 19. Nd4 Bc5 20. Rfe1 Rfe8 21. Rxe7
Rxe7 22. Qf3 Kg7 23. g3 h5 24. Kg2 Re4 25. Bc2 Bxd4 26. Rxd4 Rxd4 27. cxd4 b5
28. Bb3 a5 29. Qc3 a4 30. Bd1 Qxd5+ 31. Bf3 Qd6 32. d5+ Kg8 33. Qd4 c5 34. Qh4
Bc8 35. Qg5 Bb7 36. Qd2 b4 0-1

[Event "European Blitz 2015"]
[Site "Minsk BLR"]
[Date "2015.12.18"]
[Round "8.46"]
[White "Vovk, Orest"]
[Black "Short, Nigel D"]
[Result "0-1"]
[BlackTitle "GM"]
[WhiteElo "2279"]
[BlackElo "2684"]
[WhiteFideId "14113490"]
[BlackFideId "400025"]
[EventDate "2015.12.18"]
[EventType "swiss (blitz)"]

1. h4 e5 2. h5 d5 3. h6 Nxh6 4. d4 exd4 5. Bxh6 gxh6 6. Qxd4 Rg8 7. Nc3 Bg7 8.
Qd3 Be6 9. O-O-O c6 10. e4 d4 11. Nce2 c5 12. Nf4 Nc6 13. Nxe6 fxe6 14. Qh3 Qf6
15. Bc4 Ke7 16. Nf3 a6 17. e5 Qf7 18. Qh4+ Kd7 19. Qe4 Kc7 20. c3 dxc3 21. Rd6
cxb2+ 22. Kxb2 Nxe5 23. Nxe5 Kxd6 24. Rd1+ Kc7 25. Ka3 Bxe5 26. Qxe5+ Kb6 27.
Bxe6 Qe7 28. Rd6+ Ka7 29. Qd5 Rgd8 30. Bd7 b6 31. Qc6 Rab8 32. Bc8 Rxd6 0-1

[Event "European Blitz 2015"]
[Site "Minsk BLR"]
[Date "2015.12.18"]
[Round "8.47"]
[White "Naboka, Sergey"]
[Black "Popov, Ivan RUS"]
[Result "0-1"]
[WhiteTitle "FM"]
[BlackTitle "GM"]
[WhiteElo "2266"]
[BlackElo "2650"]
[WhiteFideId "14123452"]
[BlackFideId "4170350"]
[EventDate "2015.12.18"]
[EventType "swiss (blitz)"]

1. e4 c5 2. Nf3 d6 3. Bb5+ Nd7 4. d4 cxd4 5. Qxd4 a6 6. Bxd7+ Bxd7 7. Nc3 Rc8 8.
O-O e5 9. Qd3 Qc7 10. a4 Be6 11. Rd1 h6 12. Be3 Nf6 13. h3 Be7 14. a5 O-O 15.
Bb6 Qc6 16. Rac1 Bc4 17. Qe3 Bd8 18. Bxd8 Rfxd8 19. Nd2 Be6 20. Nf1 Qc5 21. Qxc5
Rxc5 22. Ra1 Kf8 23. Ne3 Ke7 24. f3 Rdc8 25. Kf2 Rxc3 26. bxc3 Rxc3 27. Rd3 Rc7
28. Rad1 Rc6 29. Rb1 Bc8 30. c4 Rc5 31. Ra3 Kd8 32. Rb6 Kc7 33. Rb1 h5 34. Rb4
g6 35. Ra2 Bd7 36. Nd5+ Nxd5 37. cxd5 Rc1 38. Rbb2 Kb8 39. Rc2 Rh1 40. Rab2 Bb5
41. Rxb5 axb5 42. Rb2 h4 43. Rxb5 Ra1 0-1

[Event "European Blitz 2015"]
[Site "Minsk BLR"]
[Date "2015.12.18"]
[Round "8.48"]
[White "Nedilko, Vasily"]
[Black "Razin, Vadim"]
[Result "0-1"]
[WhiteTitle "IM"]
[WhiteElo "2397"]
[BlackElo "2345"]
[WhiteFideId "14101459"]
[BlackFideId "14119463"]
[EventDate "2015.12.18"]
[EventType "swiss (blitz)"]

1. d4 d5 2. c4 Nc6 3. Nc3 e5 4. cxd5 Nxd4 5. e3 Nf5 6. Nf3 Bd6 7. Bb5+ Bd7 8.
Bxd7+ Qxd7 9. e4 Nfe7 10. O-O Ng6 11. Qb3 Rb8 12. Be3 a6 13. h3 Nf6 14. Ba7 Ra8
15. Qxb7 O-O 16. b3 Ne7 17. Rfe1 Rfc8 18. Rac1 Qe8 19. Nd2 Nd7 20. Nc4 Bc5 21.
Bxc5 Nxc5 22. Qb4 Nd3 23. Qa5 Nxe1 24. Rxe1 Ng6 25. Qc5 Qd8 26. Na5 Qg5 27. Re3
Nh4 28. g3 Ng6 29. Nc6 h5 30. h4 Qf6 31. Kg2 Kh7 32. Rf3 Qd6 33. Qxd6 cxd6 34.
Rxf7 Kg8 35. Rd7 Rf8 36. Rxd6 Kh7 37. Rd7 Rac8 38. Nd1 Kg8 39. Ne3 Rf7 40. Rd6
Rf6 41. Rxf6 gxf6 42. Nf5 Kh7 43. b4 Nf8 44. a4 Nd7 45. b5 axb5 46. axb5 Ra8 47.
Nd6 Ra2 48. Nc4 Rc2 49. Nd6 Rb2 50. Kf3 Nc5 51. Nc4 Rc2 52. Nd6 Rb2 53. Nd8 Nb3
54. Kg2 Nc5 55. Nc6 Nd3 56. Ne8 Kg6 57. d6 Nc5 58. Ne7+ Kf7 59. Nc7 Rd2 0-1

[Event "European Blitz 2015"]
[Site "Minsk BLR"]
[Date "2015.12.18"]
[Round "8.49"]
[White "Johannessen, Leif Erlend"]
[Black "Rogule, Laura"]
[Result "1-0"]
[WhiteTitle "GM"]
[BlackTitle "WGM"]
[WhiteElo "2487"]
[BlackElo "2289"]
[WhiteFideId "1501674"]
[BlackFideId "11601876"]
[EventDate "2015.12.18"]
[EventType "swiss (blitz)"]

1. d4 d5 2. c4 e6 3. Nc3 Nf6 4. cxd5 exd5 5. Bg5 Nbd7 6. e3 Be7 7. Bd3 c6 8. Qc2
O-O 9. Nf3 Re8 10. O-O Nf8 11. h3 Be6 12. Rad1 Rc8 13. Rfe1 Ng6 14. Ne5 Nd7 15.
Bxe7 Rxe7 16. f4 Ndxe5 17. dxe5 Nf8 18. b4 Rec7 19. Qf2 Qe7 20. Qb2 Bd7 21. Bb1
f6 22. e4 d4 23. exf6 dxc3 24. fxe7 cxb2 25. exf8=Q+ Rxf8 26. f5 g6 27. g4 gxf5
28. gxf5 Kg7 29. Rd2 Re8 30. e5 c5 31. bxc5 Bc8 32. Rg2+ Kf8 33. Rxb2 Rxc5 34.
e6 b6 35. Rg2 Rd5 36. Kh2 Rd4 37. Reg1 Ke7 38. Rg7+ Kd6 39. Rxh7 Rd2+ 40. Rg2
Rxg2+ 41. Kxg2 Ke5 42. Rxa7 Rg8+ 43. Kf2 Rh8 44. Ra3 Bb7 45. Re3+ Kf6 46. Bd3
Bc6 47. Bc4 Rh4 48. Bd3 Rh8 49. Bc2 Ra8 50. e7 Be8 51. Re6+ Kf7 52. Bb3 Kg7 53.
f6+ Kg6 54. Rxb6 Rc8 55. f7+ 1-0

[Event "European Blitz 2015"]
[Site "Minsk BLR"]
[Date "2015.12.18"]
[Round "9.1"]
[White "Riazantsev, Alexander"]
[Black "Navara, David"]
[Result "1-0"]
[WhiteTitle "GM"]
[BlackTitle "GM"]
[WhiteElo "2646"]
[BlackElo "2730"]
[WhiteFideId "4125029"]
[BlackFideId "309095"]
[EventDate "2015.12.18"]
[EventType "swiss (blitz)"]

1. d4 d5 2. c4 c6 3. Nc3 Nf6 4. e3 e6 5. Bd3 Nbd7 6. b3 Bd6 7. f4 c5 8. Nf3 cxd4
9. exd4 b6 10. O-O O-O 11. f5 e5 12. cxd5 exd4 13. Nb5 Nc5 14. Nxd6 Qxd6 15.
Nxd4 Nxd3 16. Qxd3 Qxd5 17. Bb2 Bb7 18. Qg3 Ne4 19. Qg4 h5 20. Qf4 Rfe8 21. Nf3
f6 22. Rad1 Qc5+ 23. Bd4 Qc2 24. Rc1 Qxa2 25. Rc7 Bd5 26. Rd7 Qxb3 27. h3 Rf8
28. Rc1 Rf7 29. Rcc7 Rxd7 30. Rxd7 Rc8 31. Kh2 a5 32. Ra7 Qc2 33. Rd7 Qc6 34.
Re7 Qd6 35. Qxd6 Nxd6 36. Nh4 Rc4 37. Bf2 Ne4 38. Bxb6 a4 39. Ra7 Ng5 40. Rd7
Rxh4 41. Rxd5 Rb4 42. Be3 Ne4 43. Ra5 h4 44. Ra7 Ng3 45. Bf2 Nxf5 46. Ra5 Ne7
47. Ra7 Ng6 48. Bc5 Ne5 49. Bxb4 1-0

[Event "European Blitz 2015"]
[Site "Minsk BLR"]
[Date "2015.12.18"]
[Round "9.2"]
[White "Mamedov, Rauf"]
[Black "Andriasian, Zaven"]
[Result "1-0"]
[WhiteTitle "GM"]
[BlackTitle "GM"]
[WhiteElo "2650"]
[BlackElo "2594"]
[WhiteFideId "13401653"]
[BlackFideId "13302000"]
[EventDate "2015.12.18"]
[EventType "swiss (blitz)"]

1. e4 d6 2. d4 g6 3. Nc3 Bg7 4. h3 Nd7 5. Nf3 c5 6. Be3 cxd4 7. Nxd4 Ngf6 8. g3
O-O 9. Bg2 Ne5 10. O-O Nc4 11. Bc1 Bd7 12. b3 Ne5 13. Bb2 Rc8 14. Nd5 e6 15.
Nxf6+ Bxf6 16. c4 a6 17. Rc1 Bg7 18. Qd2 Qe7 19. Ba3 Rfd8 20. Kh2 Bf8 21. Rfd1
Be8 22. Qe3 Qc7 23. Bb2 Bg7 24. Ba1 Qa5 25. Bc3 Qc7 26. Qd2 Nc6 27. Nxc6 Bxc6
28. Bxg7 Kxg7 29. h4 h5 30. Qe3 Qe7 31. Rc2 b5 32. cxb5 Bxb5 33. Rxc8 Rxc8 34.
a4 Be8 35. Qd4+ Qf6 36. Qxf6+ Kxf6 37. Rxd6 Rb8 38. Rd3 Ke7 39. e5 a5 40. Rc3
Bd7 41. f4 Kd8 42. Kg1 Rb4 43. Kf2 Rd4 44. Ke3 Rd1 45. Bf3 Rg1 46. Kf2 Rb1 47.
Be4 Rb2+ 48. Ke3 Ke7 49. Bc2 Ra2 50. Rc5 Ra3 51. Kd4 Ra2 52. Be4 Rd2+ 53. Ke3
Rb2 54. Bc2 Ra2 55. Kd2 Kd8 56. Rxa5 Bc6 57. Rc5 Bd5 58. Kc3 Ra1 59. a5 Rg1 60.
a6 Rxg3+ 61. Kb4 Rg1 62. Bd3 Ra1 63. Ra5 Rxa5 64. Kxa5 Kc7 65. b4 Kb8 66. Kb6
Bf3 67. Bb5 1-0

[Event "European Blitz 2015"]
[Site "Minsk BLR"]
[Date "2015.12.18"]
[Round "9.3"]
[White "Zhigalko, Sergei"]
[Black "Bortnyk, Olexandr"]
[Result "1/2-1/2"]
[WhiteTitle "GM"]
[BlackTitle "GM"]
[WhiteElo "2655"]
[BlackElo "2552"]
[WhiteFideId "13502956"]
[BlackFideId "14120828"]
[EventDate "2015.12.18"]
[EventType "swiss (blitz)"]

1. e4 d6 2. d4 Nf6 3. Nc3 Nbd7 4. Nf3 e5 5. Bc4 Be7 6. O-O O-O 7. a4 a5 8. Re1
c6 9. h3 h6 10. Ba2 Qc7 11. Nh4 exd4 12. Qxd4 Nc5 13. Ng6 Rd8 14. Be3 Be6 15.
Nxe7+ Qxe7 16. e5 Nfd7 17. exd6 Qf8 18. Rad1 Bxa2 19. Nxa2 Ne6 20. Qd2 Ra6 21.
Nc3 Nf6 22. Qd3 Nd5 23. Ne4 Nb4 24. Qb3 b5 25. Nc5 Nxc5 26. Bxc5 bxa4 27. Qxa4
Nd5 28. c4 Nf4 29. Be3 Ne6 30. c5 Rb8 31. Rd2 Qd8 32. d7 Rb4 33. Qc2 Ra7 34.
Red1 a4 35. Rd6 Rbb7 36. Qe4 Rxd7 37. Qxc6 Rxd6 38. cxd6 Qd7 39. Qd5 Rb7 40. Rd2
Rb3 41. Qa5 g6 42. Qa7 Rb7 43. Qa5 Kg7 44. Qe5+ Kh7 45. Qf6 Ng7 46. g4 Qb5 47.
Qf4 g5 48. Qe4+ Kg8 49. Bd4 Qb4 50. Re2 Rd7 51. Bxg7 Qxe4 52. Rxe4 Kxg7 53. Rxa4
Rxd6 54. Rb4 Rd3 55. Kg2 Kg6 56. Rb6+ Kg7 57. Rb8 Kh7 58. b4 Rb3 59. b5 Kg7 60.
b6 Kh7 61. f3 Rb2+ 62. Kg3 Kg7 63. h4 Kh7 64. h5 Kg7 65. Rb7 Kg8 66. Rb8+ Kg7
67. b7 Kh7 68. Kh3 Kg7 69. Kg3 Kh7 70. Kh3 Kg7 1/2-1/2

[Event "European Blitz 2015"]
[Site "Minsk BLR"]
[Date "2015.12.18"]
[Round "9.5"]
[White "Movsesian, Sergei"]
[Black "Zubritskiy, Artyom"]
[Result "1-0"]
[WhiteTitle "GM"]
[BlackTitle "FM"]
[WhiteElo "2659"]
[BlackElo "2422"]
[WhiteFideId "310204"]
[BlackFideId "4181247"]
[EventDate "2015.12.18"]
[EventType "swiss (blitz)"]

1. Nf3 c5 2. e4 d6 3. Nc3 Nf6 4. d4 cxd4 5. Qxd4 Nc6 6. Bb5 Bd7 7. Bxc6 Bxc6 8.
Bg5 e6 9. Qd3 h6 10. Bh4 Be7 11. O-O-O O-O 12. Nd4 Qa5 13. f4 Rfe8 14. f5 Nxe4
15. Nxc6 bxc6 16. Qxe4 exf5 17. Qd4 Bf8 18. Rhe1 Reb8 19. Be7 d5 20. Bxf8 Rxf8
21. Re5 g6 22. Re7 a6 23. a3 Rab8 24. Rde1 Qd8 25. Qc5 f4 26. Qxc6 Rc8 27. Qxd5
Qb6 28. Rb7 Qf2 29. Qd2 Qh4 30. Nd5 Rcd8 31. Rd1 Qxh2 32. Qxf4 Qxg2 33. Ne7+ Kg7
34. Qe5+ Kh7 35. Nd5 Rxd5 36. Qxd5 1-0

[Event "European Blitz 2015"]
[Site "Minsk BLR"]
[Date "2015.12.18"]
[Round "9.6"]
[White "Grachev, Boris"]
[Black "Sharafiev, Azat"]
[Result "1-0"]
[WhiteTitle "GM"]
[BlackTitle "IM"]
[WhiteElo "2652"]
[BlackElo "2420"]
[WhiteFideId "4129199"]
[BlackFideId "4186214"]
[EventDate "2015.12.18"]
[EventType "swiss (blitz)"]

1. d4 d5 2. Bf4 c5 3. e3 Nf6 4. c3 e6 5. Nd2 Nc6 6. Ngf3 Bd6 7. Bg3 O-O 8. Bd3
Re8 9. Ne5 Qc7 10. f4 b6 11. Bh4 Be7 12. O-O Bb7 13. Qf3 Ne4 14. Bxe7 Nxd2 15.
Bxh7+ Kxh7 16. Qh5+ Kg8 17. Qxf7+ Kh7 18. Qg6+ Kh8 19. Nf7+ Kg8 20. Nh6+ Kh8 21.
Nf7+ Kg8 22. Ng5 Nxe7 23. Qxe6+ Kh8 24. Qh3+ Kg8 25. Qe6+ Kh8 26. Qh3+ Kg8 27.
Qh7+ Kf8 28. Ne6+ Kf7 29. f5 Rg8 30. Qh5+ Kf6 31. Qg5+ Kf7 32. Qh5+ Kf6 33. Qg5+
Kf7 34. Nxc7 Rac8 35. f6 Nxf1 36. Rxf1 Rxc7 37. fxe7+ Ke8 38. Qg6+ Kd7 39. Rf8
Rc8 40. e8=Q+ 1-0

[Event "European Blitz 2015"]
[Site "Minsk BLR"]
[Date "2015.12.18"]
[Round "9.8"]
[White "Aleksandrov, Aleksej"]
[Black "Alekseev, Evgeny"]
[Result "1/2-1/2"]
[WhiteTitle "GM"]
[BlackTitle "GM"]
[WhiteElo "2615"]
[BlackElo "2642"]
[WhiteFideId "13500139"]
[BlackFideId "4138147"]
[EventDate "2015.12.18"]
[EventType "swiss (blitz)"]

1. d4 d5 2. c4 e6 3. Nc3 Bb4 4. e3 c5 5. a3 Bxc3+ 6. bxc3 Nf6 7. cxd5 exd5 8.
Bd3 O-O 9. Ne2 Nc6 10. O-O Bg4 11. f3 Bh5 12. Nf4 Bg6 13. Nxg6 hxg6 14. Rb1 Qc7
15. a4 Rfe8 16. Re1 Re6 17. Bd2 Rae8 18. Bf1 Ne7 19. Qb3 b6 20. dxc5 Qxc5 21. c4
d4 22. exd4 Qxd4+ 23. Be3 Qd8 24. Bf2 Nc6 25. Rxe6 Rxe6 26. c5 bxc5 27. Bxc5 Nd7
28. Bf2 Nde5 29. Rd1 Rd6 30. Rxd6 Qxd6 31. Qc3 a5 32. h3 Kh7 33. Bb5 Nb4 34. Bg3
f6 35. Kh2 g5 36. f4 gxf4 37. Bxf4 Nd5 38. Qd3+ g6 39. Bc4 Ng4+ 40. hxg4 Qxf4+
41. Kg1 Ne3 42. Be6 Kh6 43. Qb5 Nxg4 44. Bxg4 1/2-1/2

[Event "European Blitz 2015"]
[Site "Minsk BLR"]
[Date "2015.12.18"]
[Round "9.9"]
[White "Ponkratov, Pavel"]
[Black "Kryakvin, Dmitry"]
[Result "1/2-1/2"]
[WhiteTitle "GM"]
[BlackTitle "GM"]
[WhiteElo "2604"]
[BlackElo "2529"]
[WhiteFideId "4157800"]
[BlackFideId "4153278"]
[EventDate "2015.12.18"]
[EventType "swiss (blitz)"]

1. Nc3 Nc6 2. e4 e5 3. Bc4 Nf6 4. d3 Na5 5. Qf3 c6 6. Nge2 Be7 7. O-O O-O 8. Ng3
d5 9. exd5 Bg4 10. Qe3 cxd5 11. h3 Be6 12. Bb5 d4 13. Qxe5 dxc3 14. bxc3 Nc6 15.
Qe2 Nd5 16. Bd2 Bf6 17. Ne4 Re8 18. Rab1 Bf5 19. Nxf6+ Qxf6 20. Qf3 Be6 21. Qxf6
Nxf6 22. Ba4 Re7 23. Rxb7 Rxb7 24. Bxc6 Rab8 25. Bf4 Nd5 26. Be5 f6 27. Bxb7
fxe5 28. Bxd5 Bxd5 29. c4 Bc6 30. Re1 e4 31. d4 Rb4 32. d5 Bb7 33. Rxe4 Bxd5 34.
Re7 Rxc4 35. Rxa7 Rxc2 36. a4 Ra2 37. a5 h6 38. f3 Kh7 39. Kh1 Kg6 40. Kg1 Kf6
41. Kh1 h5 42. Kg1 h4 43. Kh1 g5 44. Kg1 Kf5 45. a6 Bc4 46. Rd7 Rxa6 47. Rd4
Ra1+ 48. Kh2 Rc1 49. Rd2 Bb3 50. Rb2 Rc3 51. Kg1 Bd5 52. Kh2 Rd3 53. Rc2 Be6 54.
Rb2 Bb3 55. Re2 Rc3 56. Rb2 Kf4 57. Re2 Rc2 58. Re4+ Kf5 59. Rb4 Bd5 60. Kg1 Rc4
61. Rb5 Rd4 62. Rb2 Kf4 63. Kh2 Rd3 64. Rb4+ Kf5 65. Rb2 Rb3 66. Rd2 Ke5 67. Ra2
Re3 68. Rb2 Ra3 69. Re2+ Kd6 70. Re8 Ra2 71. Kg1 Be6 72. Rb8 Rc2 73. Rb6+ Ke5
74. Kh2 Bd5 75. Kg1 Kf4 76. Rg6 Rd2 77. Rg7 Be6 78. Kh2 Re2 79. Rg6 Bd5 80. Kg1
Re7 81. Kh2 Bb7 82. Rf6+ Ke5 83. Rb6 Kf5 84. Rb5+ Kf6 85. Rb6+ Ke5 86. Rb5+ Bd5
87. Rb6 Rb7 88. Rg6 Kf5 89. Rd6 Rb5 90. Rd8 Bb7 91. Rd7 Rb2 92. Rd8 Bc6 93. Rc8
Rc2 94. Rd8 Re2 95. Rc8 Bd5 96. Rd8 Rd2 97. Rb8 Ke5 98. Re8+ Kd4 99. Kg1 Rd1+
100. Kh2 Rd2 101. Kg1 Rc2 102. Re7 Rc5 103. Re8 Bc6 104. Re7 Re5 105. Rf7 Ke3
106. Rc7 Rc5 107. Re7+ Kd3 108. Kf2 Rc2+ 109. Kg1 Kd4 110. Re6 Rc5 111. Re7 Bd5
112. Re8 Bc4 113. Re4+ Kd3 114. Re7 Bb5 115. Kf2 Bc6 116. Kg1 Rc2 117. Re5 Rc4
118. Rxg5 Ke3 119. Rg4 Rxg4 120. hxg4 Kf4 121. Kh2 Bd7 122. Kh3 Kg5 123. g3 1/2-1/2

[Event "European Blitz 2015"]
[Site "Minsk BLR"]
[Date "2015.12.18"]
[Round "9.10"]
[White "Grishchenko, Sergey1"]
[Black "Guseinov, Gadir"]
[Result "0-1"]
[WhiteTitle "IM"]
[BlackTitle "GM"]
[WhiteElo "2442"]
[BlackElo "2646"]
[WhiteFideId "4136730"]
[BlackFideId "13401378"]
[EventDate "2015.12.18"]
[EventType "swiss (blitz)"]

1. d4 Nf6 2. c4 g6 3. Nc3 Bg7 4. e4 d6 5. Be2 O-O 6. Be3 a6 7. Qd2 c5 8. d5 b5
9. cxb5 axb5 10. Bxb5 Qa5 11. a4 Ba6 12. Rb1 Bxb5 13. axb5 Nbd7 14. Nge2 Nb6 15.
b3 Ne8 16. O-O Nc7 17. Qd3 Nd7 18. f4 Rfb8 19. e5 Nxb5 20. Ne4 Na3 21. Rbd1 Qb5
22. exd6 exd6 23. Nxd6 Qxb3 24. Qe4 Nb5 25. Nxb5 Qxb5 26. Ng3 Re8 27. Qd3 Qxd3
28. Rxd3 c4 0-1